Подразделение 3-го Украинского фронта ведет бой на окраине Будапешта

RUSMARC
00004422ckm0a2200301#x 450
001314f6094-8383-45ca-8ada-c87f5b672ed2
00520251202165353.0
100##$a20251128j19450108k###0rusy50 ca
102##$aHU
116##$afiybxx####zz####zz
1220#$ad19450108##
2001#$aПодразделение 3-го Украинского фронта ведет бой на окраине Будапешта
$j8 января 1945 г.
251##$cДокумент
300##$aФотография
300##$aФотограф Л. Леонидов
461#0$12001
$aФ. 71
$1251
$cФонд
$1852
$j71
462#0$12001
$aОп. 56
$1251
$cОпись
$1852
$j56
60102$2prlib_sh
$3LIBNET\UAF\0000057828
$aУкраинский фронт
$c3; 1943 - 1945
$jФотографии
605##$2prlib_sh
$3LIBNET\UAF\0000088514
$aВторая мировая война в архивных документах (Комплекс оцифрованных архивных документов, кино- и фотоматериалов)
$lколлекция
605##$2acquisition_Prlib
$3DITM\AF\0000000338
$aПамять о Великой Победе
$lколлекция
6061#$2nlr_sh
$3RU\NLR\AUTH\66178773
$aБудапештская операция
$z1944 - 1945
$jФотографии
608##$2prlib_sh
$3LIBNET\UAF\0000115139
$aДокументальные фотографии
$z1945
686##$a63.3(2)622,13я611
$vLBC/M
$2rubbk
801#0$aRU
$bПБ им. Б.Н. Ельцина
$c20251128
801#1$aRU
$bПБ им. Б.Н. Ельцина
$c20251128
$2rusmarc
801#2$aRU
$bПБ им. Б.Н. Ельцина
$c20251202
$2rusmarc
850##$aРоссийский государственный архив социально-политической истории
852##$aРГАСПИ
$jД. 1748
035##$aLIBNET\0001515606
937##$d198506164
$hФедеральное архивное агентство
8564#$uhttp://readingroom.main.prlib.ru/item.aspx?id_node=n198506164&mode=full
Формат отображения